Guess The FNF Characters! [All Mods] - Statistics

General Stats
  • This quiz has been taken 821 times
    494 since last reset
  • The average score is 62 of 254
Answer Stats
Description | Song Name | Week
| Quote
Character % Correct
Trollfaces Mr Trololo/Uncle T
/Trollge /The Smiler /Trollge /Trollge /Trollface
/Stairway /Derpy /Aurora /James Jacob /Jhenkins /Legion /le trallface /Corruptus /Smile /Happy Trollge /Lone World Trollge /Trollface Playermodel
83%
Friday Night Soft Soft Bot/Soft Boyfriend /Soft Girlfriend /Soft Pico
78%
Sonic Universe Sonic EXE/X Lord /Majin Sonic /Mecha Sonic /Sunky MPEG /Tails EXE /Knuckles EXE /Sonic /Tails /Stupid Tails /Tails Doll /Omochao /Undead Tails /Undead Knuckles /Undead Robotnik /Sanic EXE /Fleetway Super Sonic /EXE /Shadow /Knuckles /Scourge
74%
FNAF Freddy/Golden Freddy /Shadow Freddy /Chica /Foxy /Bonnie /Circus Baby /Nightmare Fredbear /Nightmare
/Funtime Foxy /Lolbit /Springtrap /Spring Bonnie /RWQFSFASXC /Purple Guy /William Afton /Michael Afton /The Crying Soul
/Withered Freddy /Withered Chica /Withered Bonnie /Withered Foxy /Marionette /The Puppet /Toy Freddy /Toy Bonnie /Toy Chica /Mangle /Balloon Boy
73%
Cartoon Cat Cartoon Cat/Cartoon Dog /Cartoon BF /Cartoon Boyfriend /Siren Head
71%
Black-Haired Dad Boyfriend's Dad
70%
Blue-Haired Mum Boyfriend's Mom
70%
Week 3 Pico
70%
A robot that saved earth Wall E
68%
Spooky Corrupt Corrupted Skid/Corrupted Pump
66%
Blue Skid and Pump Majin Skid/Majin Pump
66%
Week 2 Skid/Pump
66%
Gf's alternative form Devil Girlfriend/Devil GF
65%
Tutorial Girlfriend/GF
65%
Roblox Noob/Piggy /Guests /Roblox Noob
/Hacker
/Bacon /Bacon Girl /Despacito Spider /Guest 71
65%
Ballistic Whitty/Whitmore /Julian T. Whitmore /Nitty Gritty
65%
Main Character Boyfriend/BF
64%
Bf's alternative form Shadow Boyfriend/Shadow BF
63%
/v/ Tan/Cancer Lord /Consolezord
63%
Eddsworld Tom/Edd /Tord /Matt /Tordbot /Eddbot /PowerEdd /Vampire Matt /Possessed Tom /Zanta /Eduardo
61%
Madness Tricky
61%
Week 5 Daddy Dearest/Mommy Mearest
/Parents
59%
Week 7 [Mod] Tankman
59%
Guys with Tanks Tankmen
59%
Gacha Club Gacha Girl/Default Boy
57%
Undertale Papyrus/Sans /Murder Sans
/Phantom Papyrus /Chara /Frisk
/Omega Flowey
57%
Mid-Fight Masses Sarv/Sarvente /Ruv /Ruvyzvat /Selever
/Rasazy
57%
Minecraft Steve/Alex /Herobrine /Enderman
/Piglin /Aflac /Notch
57%
X!Event X!Chara/Ink!Sans /X!Gaster
57%
A.G.O.T.I [Full Mod] AGOTI/Aldryx Andromeda /Solazar
56%
Run Bob
56%
Two MC Players Bob/Bosip
56%
Onslaught Demon Bob
56%
Static Memories Beepy /Doctor Senpai /Monster In the Mirror /Lemon Demon Memory
56%
Nintendo: Kirby/K.K. Slider /Yoshi /Toad
/Waluigi /Mr. Game /Watch /Luigi /Mario
/Adeleine
56%
Mario Bros Mario/Weegee
56%
Week 6 Senpai
56%
A Demon boy surfing Beach Brother
54%
Week 8 [Mod] Cassette Girl
54%
"Oh Shaggy Was here. No, we'reNot the same person" Red Shaggy
54%
God-Eater Shaggy
54%
"Like Get over here man" WB Shaggy
54%
Monster Lemon Demon
53%
Week 4 Mommy Mearest
53%
Ron Ron
53%
Manifest Sky
53%
Foolhardy Zardy
52%
Week 1 Daddy Dearest
51%
Dave and Bambi Dave/Bambi /DATA EXPUNGED /Tristian
51%
"It's me, Fred the Frog!" Fred
51%
DDLC Monika/Sayori /Natsuki /Yuri
50%
Genocide Tabi
50%
Smoke 'em out Struggle Garcello
49%
Glitcher Hex
48%
Scrapped boy Lucky Boy
48%
Poppy Playtime Huggy Wuggy
47%
Henry Stickmin Henry Stickmin/Charles Calvin
/Ellie Rose /Dave Panpa /Reginald Copperbottom
46%
Arcade Showdown Kapi
46%
Baldi's Basics in Funkin' Baldi/Paldo
45%
A Golf Girl Carol
45%
Accelerant Hank/Accelerant Hank
/Hank j. Wimbleton
45%
Learning With Pibby Pibby/Bun Bun /Corrupted Shaggy /Corrupted Pico /Corrupted Finn /Corrupted Gumball /Corrupted Steven /Corrupted Spinel /Corrupted Jake /Corrupted Finn /Corrupted Mordecai /Corrupted Spongebob /Corrupted Princess Bubblegum /Corrupted Peppa Pig /Corrupted George Pig /Corrupted Daddy Pig /Corrupted Mummy Pig /Corrupted Robin
45%
Madness Combat Extras The Auditor/Madness /Mag Agent:Torture /Grunt Gaming /Hotdog Vendor /Grunt /Grunt Boyfriend /Scrapeface
/Gabriel Barsch /Deimos
/Mag Agent V4
45%
A Japanese Singer Miku
44%
Bendy and the Ink Machine Bendy/Ink Bendy
/Boris
43%
Little-Man Little man
43%
Shaggys' Doggo Scoob!
43%
Spongebob Spongebob/Squidward /Patrick /Spong
/Spongebob Squarepants /Tricky Squidward
42%
Animal Annie
41%
Mouses Mickey Mouse/Mouse /The Toons
/Costume /Experiment /Suicide Mouse /Alt Suicide Mouse
41%
Target Practice Matt
40%
Termination QT/KB /Amelia
40%
A guy that looks like TordStruck by lightning Red
40%
Brother Big Bro
38%
Intertwined Blu/Mini /JGhost /Cerberus /Ash
/Cerbera
38%
Nonsencial Nonsense
38%
Portrait Portrait Taki
38%
Crucify Taki
38%
Skid & Pump's Mom Lila
37%
Slender Slenderman
37%
A tree Tree
36%
Don't Deal with the Devil Cuphead
35%
YouTubers SilvaGunner/CG5 /Wilbur Soot /Skeppy /Badboyhalo /Blantados /Retrospector /KadeDev /Neonight /Sharv /Hexadust /Swirl /Lylace /MrBeast /Hecker /Kitty Pop
35%
Flippin' Out Flippy
34%
DragonBallZ Goku
34%
Among Us Ext. Loggo/Black Impostor /Among us Drip
/Yellow Crewmate /Yellow Child /Amogus /Tomongus /Tiky
34%
Senpai After Death Spirit
34%
Starlight Mayhem Cj/Ruby
31%
Holofunk Gura/Amelia /Mano Aloe
/Momosuzu Nene
31%
Simpson Homer/Bart
30%
Lucky Rabbit Oswald
30%
PVZ | PvZ Peashooter
30%
My little pony Pinkie Pie
30%
Female Pico Nene
29%
Pokémon Wooper/Hypno /Monochrome
/Missingno /Gold
/Lost Silver /The Stranger
28%
Diagraphaphobia Eteled
27%
A serial killer Jeff the killer
27%
Meltdown Impostor
26%
Steven Universe Steven Universe/Spinel /Peridot /Pipecleaner Spinel
26%
Big-Man Big man
24%
A small rat Ritz
23%
A black stick figure Stickman
23%
Friday Night Fever Tea/Fever/Peakek
23%
Sr Pelo Mickey Mouse Mokey/Grooby /Dylan
22%
A guy that got bannedFrom McDonald's Ronald Mcdonald
22%
A cloud Updike
22%
Creepypasta Horror EXE Drownin' Ben Drowned
21%
A girl into rock Sunday
21%
Cartoon Network Benson/Mordecai /Mordetwi
/Finn /Jake
19%
Luca Luca/Alberto
19%
A Statue Wearinga Crown Starecrown
19%
Orange Jumper GirlFrom Scooby Doo Velma
19%
Sister Big Sis
18%
Bushwhack CableCrow
18%
System-Crashed Cyrix
18%
Chess Piece King
18%
Deltarune Kris/Ralsei
18%
Unused character in FNF Lia
18%
Cool lights Neo
18%
Promenade Nikusa
18%
TF2 Scout/Demoman /Spy /Mag Agent V4
18%
A Paper Stickman Sketchy
18%
Eteled's Mii Friend Austin
17%
Split Amor
16%
Takeover Cassandra
16%
A guy working forMommy mearest Henchman
16%
Starving Artist Rebecca
16%
Asteroids Void
16%
A female Egyptian Ankha
15%
Scream 😱 Ghost
15%
Spyware Human/Ragdoll /G-Man /interactive Buddy /Bonzi
14%
God of Madness Combat Jebus
14%
"Hey, friend?" Kou
14%
Cyber Sensation Taeyai
14%
A teletubby Tinky Winky
14%
Something Spiteful Ayana
13%
A giant rabbit Big Chungus
13%
Meme Doggos Doge/Walter
13%
Some Stairs Stairs
13%
A guy with an anchor on his head Anchor
12%
Star wars Darth Vader
12%
Pikmin Purple Pikmin/Rock Pikmin
12%
Senpai Simps Fangirls
11%
Transgression Neon
11%
Humanoid rapper dog Parappa/Sunny
11%
A green pig Piggy
11%
"I see this will be more difficult thanI first thought." Anders
10%
Playing with your life Corrupt
10%
A Hat in Time Hat kid
10%
Dogs Loki/Luke /Dony
10%
Lia's friend Mia
10%
DONKEE Shrek
10%
Ghost Twins Tanner/Marie
10%
A blue SMG4 character Tari
10%
Expurgation Cover: Emojis Crying Emoji
9%
Magicka Madoka Mami
9%
Melony had to rap battle toFree herself Melony
9%
Your a Fool Mr Brightside
9%
Big Brother Older Brother
9%
A bald girl that looks likeA rabbit Pompom/Mackie
9%
A blond with a gun Rosie
9%
Squid Game Circle/Triangle /Square
8%
Nonsense's bird Duck
8%
A girl on a train FL Chan
8%
A Pink Haired Girl that AlwaysKnows the Time Liz
8%
A flashing blob Opheebop
8%
A pig in angy birbs Ross
8%
Amphibia Sasha Waybright
8%
Mind Games The Psychic
8%
Entity Origins BREAKOUT 06/Daidem
7%
Massive Talking Balls Cheeky/Omen /Cyclops
7%
Mod creator in a purple hat OWO
7%
"GET OUT" Parasite
7%
Spooky month Bullies Roy
7%
Cosmo Calamity Yukichi
7%
Grim Reaper Death
6%
Replace for Boyfriend ENA
6%
Red Hedgehog Flaky
6%
Cartoon Character that looksLike Gegcoin Omori
6%
A massive mermaid Roro
6%
Baby Younger Brother
6%
A Hacker and a guy that got hacked Arch/BBPanzu
5%
A Red SMG4 character Belle
5%
I didn't know Miku had a younger Brother until that concert Camellia
5%
"Are you cultured?." Cheese
5%
Peculiar Colours Coralie
5%
A golden PC Man Displo
5%
Gingerbread Gingerbrave
5%
"Oh dear, it seems that you haveSeen it owo" Momi
5%
"Identify yourself; friend or foe?" Omega
5%
OWO's Friend Rose
5%
"You're bad, kid" Salty
5%
Background Character in Week 5 Santa Claus
5%
Noreaster Ace
4%
Plague Doctor Dr. Jack Springheel
4%
Clown people Jester/Jevil
4%
Mia's cat Kia
4%
The Weeg Mod Macy/Kazuki /Athena Asamiya
/Princess Athena
/Philip
4%
Attic Atrosity Moloch
4%
Cackle Myra
4%
"That was really fun!" Tac
4%
"Litsen here you-" Abby
3%
"Aight, 'K' sure, JK" Alya
3%
Space Cat Cye
3%
JzBoy's Series character Daisy
3%
"You're kinda hot not gonna lie." Dalia
3%
A Spooky Month Monster Eyes of the Universe
3%
A Diary of a Wimpy kid Greg Heffely
3%
Ejected Impostor V3
3%
"Litsen dude, I don't even knowyou." Lucian
3%
Fortnite Midas
3%
"How could you?" Mika
3%
Creepy Zombie Salad Fingers
3%
A dubstep MadC Character Sanford
3%
Madagascar Skippa
3%
A pink jellyfish shouting "P*ss" Suvarna
3%
Slaughter Me Funkin' The Greeter/The Follower /The Waiter
3%
"You're a fool-" Vase
3%
Google Chrome Dino
2%
A small girl withGlasses Doxxie
2%
A builder bear Handy
2%
"Haha, my bad" Itsumi
2%
An interstellar girl Kastimagina
2%
Demon in a Pumpkin Pulp
2%
"My My, aren't you a cutie" Sakuroma
2%
Another World Spacey
2%
"I can Conquer some Universes!" Zephyrus
2%
Quartz Arizona
1%
BSD Beastie
1%
Black fire Blaze
1%
Expurgation Trickies Clones
1%
Friday Night Wumpin' Crash Bandicoot
1%
A spanish devil Darkon
1%
Skull Delirium
1%
A guy with a beatboxAs a head Electro
1%
American rapper in an arcade Fizz
1%
DoubleTrouble Impostor V4
1%
A pink Baby Isaac
1%
The uber rare battle cat Kalisa
1%
Zelda King Harkinian
1%
"Kid I can't let you pass." Kiryu Kazuma
1%
Small Girl in a mask Lane
1%
GTA V Lester
1%
theycallhimcake Maggie Applebee
1%
Cat robot lady Merell
1%
"I didn't think you'd make it this far" Mia Osuna
1%
"You Unfaithful B****** Ood
1%
Bytes Paddlebyte/Skatebyte /Boxbyte
/Shufflebyte
1%
Paw Tucket Savannah Cheetaby/Quincy Goatee
/Petula Woolwright /Roxie McTerrier /Jade Catkin /Trip Hamston /Austin Goldenpup /Edie von Keet /Bev Gilturtle
1%
Guy that's shy Shyrell
1%
A Red Anime Girl Teto Kasane
1%
A Demon Butler Tux
1%
A girl with cactus in her hair Viernes
1%
No matching quizzes found
Score Distribution
Percent of People with Each Score
Percentile by Number Answered
Your Score History
You have not taken this quiz since the last reset